000 00766nam a2200265Ia 4500
005 20260302115832.0
008 008 260114s9999 xx 000 0 eng d
020 _a9798881813703
037 _aTextbook
040 _aCRL
040 _beng
040 _cCRL
041 _2eng
041 _aeng
084 _qCRL
100 _aLowell E. Baier
_91122814
245 0 _aFederalism, Preemption, and the Nationalization of American Wildlife Management The Dynamic Balance Between State and Federal Authority
260 _bBloomsbury
260 _bRowman & Littlefield
260 _c2022
650 _aLaw
856 _uhttps://doi.org/10.5040/9798881813703?locatt=label:secondary_bloomsburyCollections
942 _cEBOOK
999 _c1687636
_d1687636